| 000 | 00424nam a2200157Ia 4500 | ||
|---|---|---|---|
| 008 | 230917s9999||||xx |||||||||||||| ||und|| | ||
| 040 |
_e209974 _aMAIN |
||
| 041 | _aEnglish | ||
| 082 | _a519.2 O6S(6) | ||
| 100 | _aOksendal, Bernt | ||
| 245 | 0 | _aStochastic differential equations: An introduction with applications | |
| 250 | _a6th ed. | ||
| 260 |
_aNew Delhi _bSpringer _c2011 |
||
| 300 | _axiii, 360p p. | ||
| 942 | _cBK | ||
| 999 |
_c176629 _d176629 |
||